| 000 | 00947nam a2200337 a 4500 | ||
|---|---|---|---|
| 003 | AR-BaBNM | ||
| 005 | 20251128205727.0 | ||
| 008 | 082120s2002 ||||||||||||||000 | spa|| | ||
| 020 | _a84-7738-068-6 | ||
| 040 | _cAR-BaBNM | ||
| 245 | 0 | 0 | _aIniciación al álgebra |
| 250 | _a1ª ed. | ||
| 260 |
_aMadrid _bSíntesis _c1996 |
||
| 300 |
_a207 p. _bil. |
||
| 490 | 0 |
_aMatemáticas: cultura y aprendizaje _vv. 23 |
|
| 504 | _aBibliografía p. 205-207 | ||
| 650 | 4 | _aMATEMATICA | |
| 650 | 4 | _aENSEÑANZA DE LAS MATEMATICAS | |
| 650 | 4 | _aALGEBRA | |
| 650 | 4 | _aECUACIONES | |
| 650 | 4 | _aMETODO DEDUCTIVO | |
| 650 | 4 | _aMETODO INDUCTIVO | |
| 653 | _aPROCESO DE ENSEÑANZA-APRENDIZAJE | ||
| 653 | _aESTRATEGIAS EDUCATIVAS | ||
| 700 | 1 | _aSocas Robayna, Martín Manuel | |
| 700 | 1 | _aCamacho Machín, Matías | |
| 700 | 1 | _aPalarea Medina, María Mercedes | |
| 700 | 1 | _aHernández Domínguez, Josefa | |
| 942 | _cBK | ||
| 998 | _cCarmen | ||
| 999 |
_c12572 _d12572 |
||